|
|
|
|
| LEADER |
00925nta a2200229 i 4500 |
| 001 |
dokt2409 |
| 005 |
20200415154156.0 |
| 008 |
141009s2015 hu om 0|| eng d |
| 024 |
7 |
|
|a 10.14232/phd.2409
|2 doi
|
| 024 |
7 |
|
|a 2753561
|2 mtmt
|
| 040 |
|
|
|a SZTE Doktori Repozitórium
|b hun
|
| 041 |
|
|
|a eng
|
| 100 |
1 |
|
|a Divéki Gabriella
|
| 245 |
1 |
0 |
|a Online algorithms for clustering problems
|h [elektronikus dokumentum] /
|c Divéki Gabriella
|
| 246 |
1 |
0 |
|a Online algoritmusok klaszterezési problémákra
|h [elektronikus dokumentum]
|
| 260 |
|
|
|c 2015-05-08
|
| 502 |
|
|
|a Disszertacio
|
| 650 |
|
4 |
|a informatikai tudományok
|
| 700 |
1 |
|
|a Imreh Csanád
|e ths
|
| 856 |
4 |
0 |
|u https://doktori.bibl.u-szeged.hu/id/eprint/2409/1/dg.pdf
|z Dokumentum-elérés
|
| 856 |
4 |
0 |
|u https://doktori.bibl.u-szeged.hu/id/eprint/2409/3/tf_eng.pdf
|z Dokumentum-elérés
|
| 856 |
4 |
0 |
|u https://doktori.bibl.u-szeged.hu/id/eprint/2409/4/tf_magy.pdf
|z Dokumentum-elérés
|